Fermentácia cereálií pre špeciálne účely bakalárska práca

Enregistré dans:
Détails bibliographiques
Auteur principal: Soltészová, Friderika
Format: Livre
Langue:slovaque
Publié: Bratislava STU FCHPT 2014
Accès en ligne:Voir à l'OPAC
Tags: Ajouter un tag
Pas de tags, Soyez le premier à ajouter un tag!

MARC

LEADER 00000nam a2200000 a 4500
005 20260127134148.0
008 151110 2014 000 0 slo d
035 |a vtls011187779 
039 9 |a 201511101316  |b mschk03  |y 201511101313  |z mschk03 
040 |a STUSCHK1  |b slo  |c STUSCHK1  |e AACR2 
100 1 |a Soltészová, Friderika 
245 1 |a Fermentácia cereálií pre špeciálne účely  |b bakalárska práca  |c Friderika Soltészová 
260 |a Bratislava  |b STU FCHPT  |c 2014 
300 |a 38 s.  |b il.  |c 30 cm 
500 |a Študijný program: výživa-kozmetika-ochrana zdravia 
500 |a Študijný odbor: potravinárstvo 
500 |a Školiace pracovisko: Odd. potravinárskej technológie 
500 |a Evid. číslo: FCHPT-13046-61729 
910 |a SCHK95 
999 |c 5526  |d 5526